Construction Method for Civil Engineering/ (Record no. 9882)

MARC details
000 -LEADER
fixed length control field 00662nam a22002057a 4500
003 - CONTROL NUMBER IDENTIFIER
control field OSt
005 - DATE AND TIME OF LATEST TRANSACTION
control field 20260425014309.0
008 - FIXED-LENGTH DATA ELEMENTS--GENERAL INFORMATION
fixed length control field 260425b |||||||| |||| 00| 0 eng d
020 ## - INTERNATIONAL STANDARD BOOK NUMBER
International Standard Book Number 978-1-80406-059-9
040 ## - CATALOGING SOURCE
Original cataloging agency DWCL-Main lib
Transcribing agency OC
082 ## - DEWEY DECIMAL CLASSIFICATION NUMBER
Classification number Circ. 624.18 Am528c 2022
100 ## - MAIN ENTRY--PERSONAL NAME
Personal name Amsterdam, Errol Van
245 ## - TITLE STATEMENT
Title Construction Method for Civil Engineering/
Statement of responsibility, etc. Amsterdam, Errol Van
260 ## - PUBLICATION, DISTRIBUTION, ETC.
Place of publication, distribution, etc. London, United Kingdom :
Name of publisher, distributor, etc. ED-Tech Press,
Date of publication, distribution, etc. c2022.
300 ## - PHYSICAL DESCRIPTION
Extent xii, 270 Pages :
Other physical details Illustrations ;
Dimensions 24cm.
504 ## - BIBLIOGRAPHY, ETC. NOTE
Bibliography, etc. note Includes Index.
650 ## - SUBJECT ADDED ENTRY--TOPICAL TERM
Topical term or geographic name entry element 1. Civil Engineering.
650 ## - SUBJECT ADDED ENTRY--TOPICAL TERM
Topical term or geographic name entry element 2. Structural Engineering.
942 ## - ADDED ENTRY ELEMENTS (KOHA)
Source of classification or shelving scheme Dewey Decimal Classification
Koha item type Book Circulation
Classification part Circ.
Suppress in OPAC No
952 ## - LOCATION AND ITEM INFORMATION (KOHA)
--
Holdings
Withdrawn status Lost status Source of classification or shelving scheme Damaged status Not for loan Home library Current library Shelving location Date acquired Source of acquisition Total Checkouts Full call number Barcode Date last seen Copy number Price effective from Koha item type Uniform Resource Identifier
    Dewey Decimal Classification     College Library College Library Circulation 09/23/2022 SF   Circ. 624.18 Am528c 2022 CL53376 04/25/2026 c1 04/25/2026 BK-CIRC